000 02199nam a2200397 c 4500
003 BLK
005 20180420232203.0
008 180409b bul|||||r ||||||| ||bul||
010 _aKNG00134555000
040 _aBLK
041 _aBUL
_cBUL
080 _aЕтеричномаслени растения. Ароматни, оцветителни, дъбилни, лекарствени растения
_b633.8
_x(035)
_z633.8(035)
080 _aАроматни треви и подправки - Мента, риган, магданоз, копър, мащерка, босилек и др.
_b635.7
_x(035)
_z635.7(035)
080 _aХранителни продукти. Приготвяне на храната
_b641
_x(035)
_z641(035)
100 1 _aБоева, Ана Николова
_eпърви автор
_9321397
700 1 _aНонинска, Лиляна
_eсъавт.
_gДряновска-Нонинска, Лиляна
_9321398
700 1 _aЦанова, Маргарита
_eсъавт.
_9321399
700 1 _aДряновска-Нонинска, Лиляна Александрова
_e*
_9321401
139 _aБоева, Ана Николова и др.
_bБ 55
245 1 0 _aПодправките като храна и лекарство
_bРъководство
_cАна Николова Боева; съавт. Лиляна Нонинска; съавт. Маргарита Цанова; * Лиляна Александрова Дряновска-Нонинска.
257 _aBGR
260 София
_bМедицина и физкултура
_c1984
300 _a151 с.
_bс табл., ил., 4 л. цв. ил.
_c20 см
380 _a63
500 _aВтората авт. е известна като Лиляна Дряновска-Нонинска. - 50 105 тир.
650 4 _aПодправки
_9166633
650 4 _aЯстия - рецепти
_9241857
653 _aподправки
653 _aлекарства
653 _aръководства
852 _aЦб 126331
856 4 _qpdf
_u
856 4 _qpdf
_u
942 _cKNG
_n0
944 _aCR
_c06.10.2012
_l06.10.2012 - от С1,Р / 06.10.2012
_kГеновева_Генчева
944 _aED
_c06.10.2012
_l06.10.2012 - от С1,Р / 06.10.2012
_k
999 _c128824
_d128824